[Event "DEM U18 2025"]
[Site "Willingen GER"]
[Date "2025.06.08"]
[Round "2"]
[White "Hanmuradov, Ülwi"]
[Black "Deschler, Arne"]
[Result "1-0"]
[Termination "normal"]
[Board "15"]
[WhiteElo "1790"]
[BlackElo "2055"]
[WhiteClock "00:17:05"]
[BlackClock "00:36:46"]
[PlyCount "115"]
[WhiteFideId "34658840"]
[BlackFideId "16274415"]
[EventCountry "GER"]
[EventRounds "9"]
[EventType "swiss"]
[EventDate "2025.06.07"]

1. d4 {[%clk 01:30:54]} {[%emt 00:00:06]} d5 {[%clk 01:30:57]} {[%emt
00:00:04]} 2. Nf3 {[%clk 01:31:16]} {[%emt 00:00:06]} Nf6 {[%clk 01:31:24]}
{[%emt 00:00:04]} 3. c4 {[%clk 01:31:39]} {[%emt 00:00:08]} c6 {[%clk
01:31:50]} {[%emt 00:00:04]} 4. Nc3 {[%clk 01:31:41]} {[%emt 00:00:27]} dxc4
{[%clk 01:32:18]} {[%emt 00:00:02]} 5. a4 {[%clk 01:31:43]} {[%emt 00:00:28]}
Bf5 {[%clk 01:32:21]} {[%emt 00:00:26]} 6. Ne5 {[%clk 01:29:11]} {[%emt
00:03:03]} Nbd7 {[%clk 01:32:05]} {[%emt 00:00:46]} 7. Nxc4 {[%clk 01:28:28]}
{[%emt 00:01:14]} Nb6 {[%clk 01:32:23]} {[%emt 00:00:12]} 8. e3 {[%clk
01:25:41]} {[%emt 00:03:17]} e6 {[%clk 01:29:08]} {[%emt 00:03:44]} 9. Bd3
{[%clk 01:24:06]} {[%emt 00:02:05]} Nxc4 {[%clk 01:27:50]} {[%emt 00:01:48]}
10. Bxc4 {[%clk 01:24:14]} {[%emt 00:00:22]} Bd6 {[%clk 01:26:17]} {[%emt
00:02:01]} 11. Qe2 {[%clk 01:19:08]} {[%emt 00:05:38]} Ne4 {[%clk 01:20:51]}
{[%emt 00:05:56]} 12. Nxe4 {[%clk 01:17:29]} {[%emt 00:02:10]} Bxe4 {[%clk
01:21:17]} {[%emt 00:00:03]} 13. f3 {[%clk 01:16:52]} {[%emt 00:01:07]} Qh4+
{[%clk 01:15:42]} {[%emt 00:06:05]} 14. Qf2 {[%clk 01:16:54]} {[%emt 00:00:29]}
Bb4+ {[%clk 01:14:50]} {[%emt 00:01:21]} 15. Ke2 {[%clk 01:16:48]} {[%emt
00:00:37]} Qxf2+ {[%clk 01:15:04]} {[%emt 00:00:15]} 16. Kxf2 {[%clk 01:17:11]}
{[%emt 00:00:07]} Bd5 {[%clk 01:15:10]} {[%emt 00:00:23]} 17. b3 {[%clk
01:15:00]} {[%emt 00:02:42]} Ke7 {[%clk 01:05:31]} {[%emt 00:10:09]} 18. Ba3
{[%clk 01:11:56]} {[%emt 00:03:34]} Bxa3 {[%clk 01:04:52]} {[%emt 00:01:08]}
19. Rxa3 {[%clk 01:12:11]} {[%emt 00:00:16]} f6 {[%clk 00:59:01]} {[%emt
00:06:21]} 20. e4 {[%clk 01:07:24]} {[%emt 00:05:17]} Bxc4 {[%clk 00:59:29]}
{[%emt 00:00:02]} 21. bxc4 {[%clk 01:07:49]} {[%emt 00:00:05]} Rhd8 {[%clk
00:59:03]} {[%emt 00:00:56]} 22. Ke3 {[%clk 01:04:57]} {[%emt 00:03:22]} Rd7
{[%clk 00:57:24]} {[%emt 00:02:09]} 23. Rb3 {[%clk 00:58:07]} {[%emt 00:07:20]}
Rc8 {[%clk 00:54:20]} {[%emt 00:03:33]} 24. Rhb1 {[%clk 00:54:20]} {[%emt
00:04:18]} Rcc7 {[%clk 00:54:29]} {[%emt 00:00:21]} 25. R1b2 {[%clk 00:44:13]}
{[%emt 00:10:38]} Kd6 {[%clk 00:50:17]} {[%emt 00:04:41]} 26. c5+ {[%clk
00:39:43]} {[%emt 00:04:59]} Ke7 {[%clk 00:50:44]} {[%emt 00:00:04]} 27. f4
{[%clk 00:36:45]} {[%emt 00:03:28]} e5 {[%clk 00:46:45]} {[%emt 00:04:29]} 28.
Rd2 {[%clk 00:31:12]} {[%emt 00:06:03]} exd4+ {[%clk 00:41:53]} {[%emt
00:05:23]} 29. Rxd4 {[%clk 00:31:30]} {[%emt 00:00:11]} Rxd4 {[%clk 00:42:10]}
{[%emt 00:00:13]} 30. Kxd4 {[%clk 00:31:55]} {[%emt 00:00:05]} Rd7+ {[%clk
00:41:59]} {[%emt 00:00:42]} 31. Ke3 {[%clk 00:31:41]} {[%emt 00:00:44]} Ke6
{[%clk 00:41:37]} {[%emt 00:00:51]} 32. a5 {[%clk 00:24:29]} {[%emt 00:07:42]}
a6 {[%clk 00:39:27]} {[%emt 00:02:41]} 33. h4 {[%clk 00:12:20]} {[%emt
00:12:37]} g6 {[%clk 00:38:30]} {[%emt 00:01:28]} 34. g4 {[%clk 00:09:24]}
{[%emt 00:03:27]} h6 {[%clk 00:25:50]} {[%emt 00:13:10]} 35. Rd3 {[%clk
00:01:48]} {[%emt 00:08:06]} Rg7 {[%clk 00:25:54]} {[%emt 00:00:25]} 36. Rd6+
{[%clk 00:01:08]} {[%emt 00:01:10]} Ke7 {[%clk 00:26:20]} {[%emt 00:00:03]} 37.
Rd1 {[%clk 00:00:56]} {[%emt 00:00:43]} Ke6 {[%clk 00:24:21]} {[%emt 00:02:29]}
38. Rd6+ {[%clk 00:00:59]} {[%emt 00:00:26]} Ke7 {[%clk 00:24:34]} {[%emt
00:00:18]} 39. e5 {[%clk 00:00:47]} {[%emt 00:00:42]} fxe5 {[%clk 00:09:35]}
{[%emt 00:15:30]} 40. fxe5 {[%clk 00:01:15]} {[%emt 00:00:01]} Rg8 {[%clk
00:09:59]} {[%emt 00:00:06]} 41. Ke4 {[%clk 00:01:07]} {[%emt 00:00:38]} Rg7
{[%clk 00:09:38]} {[%emt 00:00:51]} 42. e6 {[%clk 00:26:38]} {[%emt 00:04:59]}
Kf6 {[%clk 00:39:27]} {[%emt 00:00:38]} 43. Rd7 {[%clk 00:26:41]} {[%emt
00:00:29]} Rg8 {[%clk 00:39:42]} {[%emt 00:00:16]} 44. Rxb7 {[%clk 00:26:34]}
{[%emt 00:00:37]} Re8 {[%clk 00:38:51]} {[%emt 00:01:13]} 45. e7 {[%clk
00:22:50]} {[%emt 00:04:21]} h5 {[%clk 00:35:45]} {[%emt 00:03:37]} 46. g5+
{[%clk 00:22:57]} {[%emt 00:00:23]} Kf7 {[%clk 00:35:29]} {[%emt 00:00:46]} 47.
Rc7 {[%clk 00:22:26]} {[%emt 00:01:01]} Rb8 {[%clk 00:35:18]} {[%emt 00:00:40]}
48. Rxc6 {[%clk 00:20:31]} {[%emt 00:02:26]} Rb4+ {[%clk 00:35:42]} {[%emt
00:00:06]} 49. Ke5 {[%clk 00:20:35]} {[%emt 00:00:25]} Rxh4 {[%clk 00:36:10]}
{[%emt 00:00:03]} 50. Rxg6 {[%clk 00:20:54]} {[%emt 00:00:11]} Rc4 {[%clk
00:35:35]} {[%emt 00:01:04]} 51. Kd5 {[%clk 00:20:50]} {[%emt 00:00:35]} Rg4
{[%clk 00:35:54]} {[%emt 00:00:10]} 52. Rxa6 {[%clk 00:19:05]} {[%emt
00:02:16]} Rxg5+ {[%clk 00:35:20]} {[%emt 00:01:03]} 53. Kd6 {[%clk 00:19:20]}
{[%emt 00:00:16]} Rg1 {[%clk 00:35:20]} {[%emt 00:00:30]} 54. Kd7 {[%clk
00:16:13]} {[%emt 00:03:37]} Re1 {[%clk 00:35:22]} {[%emt 00:00:27]} 55. e8=Q
{[%clk 00:16:21]} {[%emt 00:00:23]} Rxe8 {[%clk 00:35:49]} {[%emt 00:00:03]}
56. Rf6 {[%clk 00:16:25]} {[%emt 00:00:25]} Kxf6 {[%clk 00:36:18]} {[%emt
00:00:02]} 57. Kxe8 {[%clk 00:16:48]} {[%emt 00:00:07]} h4 {[%clk 00:36:46]}
{[%emt 00:00:01]} 58. a6 {[%clk 00:17:05]} {[%emt 00:00:13]} 1-0